000 01071nam a22002417a 4500
003 OSt
005 20250911175345.0
008 240208b ||||| |||| 00| 0 eng d
040 _c0
082 _aDPer 621.381 In821 April 2022 v. 37 n. 4
100 _aWang, Houqing.
_eauthor.
_951938
245 _aA novel dual buck and boost transformer-less single-phase grid-tied inverter /
_cHouqing Wang, Weimin Wu, Jihong Zhu, Eftichios Koutroulis, Henry Shu-Hung Chung, and, Frede Blaabjerg.
260 _aNew York ;
_bThe Institute of Electrical and Electronics Engineers, Inc. ,
_cApril 2022.
300 _aVolume 37, pages 4211-4224 :
_billustration ;
_c28 cm.
500 _aIEEE Transaction on Power Electronics, vol. 37, no. 4, pages 4211-4224, April 2022.
700 _aWang, Houqing.
_eauthor.
_951938
700 _aWu, Weimin.
_eauthor.
_951939
700 _aZhu, Jihong.
_eauthor.
_951940
700 _aKoutroulis, Eftichios.
_eauthor.
_951941
700 _aChung, Henry Shu-Hung.
_eauthor.
_951942
700 _aBlaabjerg, Frede.
_eauthor.
_951943
942 _2ddc
_cPER
999 _c19016
_d19016